Kitab-I-Muqaddas. (Record no. 2762)
[ view plain ]
| 000 -LEADER | |
|---|---|
| fixed length control field | 00576nam a2200241 a 4500 |
| 020 ## - INTERNATIONAL STANDARD BOOK NUMBER | |
| ISBN | |
| 082 00 - DEWEY DECIMAL CLASSIFICATION NUMBER | |
| Classification number | 220.591439 |
| Author Cutter | BIS |
| 100 ## - MAIN ENTRY--AUTHOR NAME | |
| Author name | Bible, Society |
| 245 ## - TITLE STATEMENT | |
| Title | Kitab-I-Muqaddas. |
| 260 ## - PUBLICATION, DISTRIBUTION, ETC. (IMPRINT) | |
| Place of publication | London |
| Name of publisher | British and Foreign Bible Society |
| Year of publication | 1900 |
| 300 ## - PHYSICAL DESCRIPTION | |
| Number of Pages | 374p |
| 500 ## - GENERAL NOTE | |
| General note | includes index and biblioraphy |
| 505 2# - FORMATTED CONTENTS NOTE | |
| Formatted contents note | Index |
| 650 ## - SUBJECT ADDED ENTRY--TOPICAL TERM | |
| Topical Term | Bible-Urdu |
| 942 ## - ADDED ENTRY ELEMENTS (KOHA) | |
| Koha item type | Books |
| 700 1# - | |
| -- | Bible, Society |
| Home library | Current library | Date acquired | Cost, normal purchase price | Full call number | Accession Number | Koha item type |
|---|---|---|---|---|---|---|
| Henry Martyn Institute Library | Henry Martyn Institute Library | 06/15/2007 | 100.00 | 220.591439 BIS | 1806 | Archive Book |
